AH International Schools' Libraries

Where's Mr Astronaut? / (Record no. 49610)

MARC details
000 -LEADER
fixed length control field 01168nam a2200145 4500
020 ## - INTERNATIONAL STANDARD BOOK NUMBER
International Standard Book Number 9781788004664
100 ## - MAIN ENTRY--PERSONAL NAME
Personal name Arrhenius, Ingela P,
Relator term author.
9 (RLIN) 86073
245 ## - TITLE STATEMENT
Title Where's Mr Astronaut? /
Remainder of title Felt flaps and a mirror.
260 ## - PUBLICATION, DISTRIBUTION, ETC. (IMPRINT)
Place of publication, distribution, etc London:
Name of publisher, distributor, etc Nosy Crow;
Date of publication, distribution, etc 2019.
300 ## - PHYSICAL DESCRIPTION
Extent 12 pages.
490 ## - SERIES STATEMENT
Series statement Illustrated
500 ## - GENERAL NOTE
General note Five beautifully illustrated spreads show a series of friendly space-themed characters hiding behind bright felt flaps. And there's a mirror on the final page! A perfect book to share with very little ones.<br/><br/>A bright, bold board book with a felt flap on every spread - little hands won't let it go!<br/><br/><br/>"A perfect book to share with very little ones, who will enjoy the bright felt flaps as a change from card." - Parents in Touch<br/><br/>"The felt flaps in this sturdy board board are perfect for little ones to turn and tug, which means you can get even the tiniest tot into books and finding the activity fun. Ingela Arrhenius' illustrations are a real bonus. They are bright and retro and sure to capture your baby's attention. A perfect book to share with very little ones." - BookTrust
650 ## - SUBJECT ADDED ENTRY--TOPICAL TERM
9 (RLIN) 42218
Topical term or geographic name as entry element Outer space.
942 ## - ADDED ENTRY ELEMENTS (KOHA)
Source of classification or shelving scheme
Koha item type Board Book
Holdings
Withdrawn status Lost status Source of classification or shelving scheme Damaged status Not for loan Home library Current library Date acquired Total Checkouts Full call number Barcode Checked out Date last seen Date checked out Price effective from Koha item type
          Logos International School Logos International School 10/06/2025 6 BB ARR 041777 01/07/2026 12/18/2025 12/18/2025 10/06/2025 Board Book

For any Logos Library related questions please contact Miss Art at swongnarasuk@asianhope.org.

For any Asian Hope Library related questions please contact Miss Raza at graza@asianhope.org.

Powered by Koha